000 01384nam a2200325 a 4500
001 ebr10728367
003 CaPaEBR
006 m o u
007 cr cn|||||||||
008 130415s2013 njua sb 001 0 eng d
010 _z 2013016102
020 _z9781118617465 (cloth)
020 _z9781118722879 (e-book)
040 _aCaPaEBR
_cCaPaEBR
035 _a(OCoLC)854005183
050 1 4 _aHD58.8
_b.P4515 2013eb
082 0 4 _a658.4/06
_223
100 1 _aPennington, Randy.
245 1 0 _aMake change work
_h[electronic resource] :
_bstaying nimble, relevant, and engaged in a world of constant change /
_cRandy Pennington.
260 _aHoboken, N.J. :
_bWiley,
_cc2013.
300 _axix, 167 p. :
_bill.
504 _aIncludes bibliographical references and index.
505 0 _aThe new normal -- Faster, better, cheaper--friendlier -- Good change, bad change -- Dodos and coyotes : -- Only the nimble survive.
533 _aElectronic reproduction.
_bPalo Alto, Calif. :
_cebrary,
_d2013.
_nAvailable via World Wide Web.
_nAccess may be limited to ebrary affiliated libraries.
650 0 _aOrganizational change.
650 0 _aOrganizational effectiveness.
655 7 _aElectronic books.
_2local
710 2 _aebrary, Inc.
856 4 0 _uhttp://site.ebrary.com/lib/rucke/Doc?id=10728367
_zAn electronic book accessible through the World Wide Web; click to view
999 _c37877
_d37877